00967cam a22002651 4500001001300000003000400013005001700017008004100034010001700075035002000092040004900112042001200161050002600173110004800199245006100247260004800308300003200356410006800388500006000456504010600516650002400622650001900646650001900665999001700684l 56000121 DLC20260227111544.0850528s1956 dcua b f000 0 eng c al 56000121  a(OCoLC)12086030 aU.S. Dept. of Labor. LibrarycAUdOCoLCdDLC apremarc00aHD8051b.A62 no. 11911 aUnited States.bBureau of Labor Statistics.14aThe status of labor in Puerto Rico, Alaska [and] Hawaii. aWashington,bU.S. Govt. Print. Off.,c1956. aviii, 99 p.billus.c26 cm.10aUnited States.bBureau of Labor Statistics.tBulletinvno. 1191 a"Reprint from the Monthly labor review, December 1955." a"Bibliography on labor conditions, labor problems, labor economics [by] Margarete McBride": p. 94-99. 0aLaborzPuerto Rico. 0aLaborzAlaska. 0aLaborzHawaii. c36917d36917